| 000 | 00544nam a22001817a 4500 | ||
|---|---|---|---|
| 005 | 20231109065111.0 | ||
| 008 | 231109b |||||||| |||| 00| 0 eng d | ||
| 020 | _a0409037303 ; 0409037265 | ||
| 041 | _aEnglish | ||
| 082 | _a346.2 KER | ||
| 100 |
_aKerr, AJ _lEnglish |
||
| 245 |
_aThe Law of Agency / _cAJ Kerr |
||
| 250 | _aSecond Edition | ||
| 260 |
_aDurban : _bButterworth and Company (Pty) Ltd, _c1979 |
||
| 300 |
_bxxxi, 274 pages ; _c25 cm. |
||
| 650 |
_aLegal practice _bLaw |
||
| 942 |
_cBK _6ALISON_BN_VRIES |
||
| 999 |
_c458 _d458 |
||